<?xml version="1.0" encoding="UTF-8"?>
<collection xmlns="http://www.loc.gov/MARC21/slim">
 <record>
  <leader>06003nam a22005175i 4500</leader>
  <controlfield tag="001">978-3-540-77600-0</controlfield>
  <controlfield tag="003">DE-He213</controlfield>
  <controlfield tag="005">20200704142942.0</controlfield>
  <controlfield tag="007">cr nn 008mamaa</controlfield>
  <controlfield tag="008">100715s2007    gw |    s    |||| 0|eng d</controlfield>
  <datafield tag="020" ind1=" " ind2=" ">
   <subfield code="a">9783540776000</subfield>
   <subfield code="9">978-3-540-77600-0</subfield>
  </datafield>
  <datafield tag="024" ind1="7" ind2=" ">
   <subfield code="a">10.1007/978-3-540-77600-0</subfield>
   <subfield code="2">doi</subfield>
  </datafield>
  <datafield tag="050" ind1=" " ind2="4">
   <subfield code="a">QA76.9.C65</subfield>
  </datafield>
  <datafield tag="072" ind1=" " ind2="7">
   <subfield code="a">UYM</subfield>
   <subfield code="2">bicssc</subfield>
  </datafield>
  <datafield tag="072" ind1=" " ind2="7">
   <subfield code="a">COM072000</subfield>
   <subfield code="2">bisacsh</subfield>
  </datafield>
  <datafield tag="072" ind1=" " ind2="7">
   <subfield code="a">UYM</subfield>
   <subfield code="2">thema</subfield>
  </datafield>
  <datafield tag="082" ind1="0" ind2="4">
   <subfield code="a">003.3</subfield>
   <subfield code="2">23</subfield>
  </datafield>
  <datafield tag="245" ind1="1" ind2="0">
   <subfield code="a">AsiaSim 2007</subfield>
   <subfield code="h">[electronic resource] :</subfield>
   <subfield code="b">Asia Simulation Conference 2007, Seoul, Korea, October 10-12, 2007, Proceedings /</subfield>
   <subfield code="c">edited by Jin Woo Park, Tag-Gon Kim, Yun-Bae Kim.</subfield>
  </datafield>
  <datafield tag="250" ind1=" " ind2=" ">
   <subfield code="a">1st ed. 2007.</subfield>
  </datafield>
  <datafield tag="264" ind1=" " ind2="1">
   <subfield code="a">Berlin, Heidelberg :</subfield>
   <subfield code="b">Springer Berlin Heidelberg :</subfield>
   <subfield code="b">Imprint: Springer,</subfield>
   <subfield code="c">2007.</subfield>
  </datafield>
  <datafield tag="300" ind1=" " ind2=" ">
   <subfield code="a">XIII, 404 p.</subfield>
   <subfield code="b">online resource.</subfield>
  </datafield>
  <datafield tag="336" ind1=" " ind2=" ">
   <subfield code="a">text</subfield>
   <subfield code="b">txt</subfield>
   <subfield code="2">rdacontent</subfield>
  </datafield>
  <datafield tag="337" ind1=" " ind2=" ">
   <subfield code="a">computer</subfield>
   <subfield code="b">c</subfield>
   <subfield code="2">rdamedia</subfield>
  </datafield>
  <datafield tag="338" ind1=" " ind2=" ">
   <subfield code="a">online resource</subfield>
   <subfield code="b">cr</subfield>
   <subfield code="2">rdacarrier</subfield>
  </datafield>
  <datafield tag="347" ind1=" " ind2=" ">
   <subfield code="a">text file</subfield>
   <subfield code="b">PDF</subfield>
   <subfield code="2">rda</subfield>
  </datafield>
  <datafield tag="490" ind1="1" ind2=" ">
   <subfield code="a">Communications in Computer and Information Science,</subfield>
   <subfield code="x">1865-0929 ;</subfield>
   <subfield code="v">5</subfield>
  </datafield>
  <datafield tag="505" ind1="0" ind2=" ">
   <subfield code="a">AsiaSim 2007 Conference -- Event Graph Models for Generic Manufacturing Systems with Push and Pull Policies -- A Model and Analysis of the Bullwhip Effect Using a SCOR-Based Framework -- Numerical Simulation - I -- Dynamic Control of a Simulator Servo System Using CMAC Controller RBF Identifier-Based -- A Strict LMI Condition for ESPR Property of Continuous-Time Descriptor Systems -- Design of Fuzzy Sliding-Mode Controller for Chaos Synchronization -- General Application -- Simulation-Based Procedure for Bottleneck Identification -- Self-adaptive Fault-Tolerance of HLA-Based Simulations in the Grid Environment -- Constant-Time Record Management in a Java Embedded Small Device -- Agent Based Simulation -- Crisis Management Simulation: Spread of Diseases in National University of Singapore -- An Early Warning System for Loan Risk Assessment Based on Rare Event Simulation -- Forecasting Model for IPTV Service in Korea Using Bootstrap Ridge Regression Analysis -- Aero Space -- Simulation and Evaluation on the Performance of the Proposed Constellation of Global Navigation Satellite System -- Re-entry Tracking Control Via State-Dependent Riccati Equations -- A Data Envelopment Analysis Model for Selecting Material Handling System Designs -- System Dynamics -- Synchronization between Two Different Hyperchaotic Systems Containing Nonlinear Inputs -- Adaptive Chaos Synchronization of FitzHugh-Nagumo Neurons -- Robust and Cost-Efficient Communication Based on SNMP in Mobile Networks -- Numerical Simulation - II -- Stability of Backward Differential Formulae for Second Order Delay Differential Equations -- Elastic Wave Propagation Simulation Using TLM Modeling -- Web Based Simulation -- Research and Realization of Simulation Visualization Supporting Service -- Research on Simulation Application Mode and Run-Time Framework in Simulation Grid -- Web-HLA and Service-Enabled RTI in the Simulation Grid -- General Engineering -- Encryption in TECB Mode: Modeling, Simulation and Synthesis -- Finite Element Simulation of a Biomimetic Olfactory Microsystem for Spatio-temporal Signal Generation -- Simulation Study of Port Container Terminal Quay Side Traffic -- Logistics Simulation -- A Framework for Verification and Validation of Simulation Models and Applications -- A Decision Processing Algorithm for CDC Location Under Minimum Cost SCM Network -- Simulation of Intersection Rivet at Non-signalized Intersection in Housing Scheme -- Simulation and AI -- Adaptive DNA Computing Algorithm by Using PCR and Restriction Enzyme -- Elementary Studies on Pervasive Simulation Grid -- A MCS Based Neural Network Approach to Extract Network Approximate Reliability Function -- Simulation Tools -- An Empirical Study on the Power of the Overlapping Serial Test -- Idle Resource Supplement Model and Validity Time Designation Model with Reliability Measurement in Grid Computing -- Implementation of a Tactic Manager for the Simulation of a Target Motion Analysis between a Submarine and a Surface Ship Warfare -- Statistical Methods -- Simulation Study on E-commerce Recommender System Based on a Customer-Product Purchase-Matrix -- A New Performance Evaluation Method for Automatic Target Recognition Based on Forward Cloud -- Secure Multicast Tree Structure Generation Method for Directed Diffusion Using A* Algorithms -- Health Care/Education -- Simulation of Soft Deformable Objects for Virtual Reality Medical Applications -- Applying Open Source Game Engine for Building Visual Simulation Training System of Fire Fighting -- A Modified Numerical Integration Method for Deformable Object Animation -- Methodology -- Performance Monitoring Based on UML Performance Profile -- Analysis of Variable Slit Structure on Pneumatic System.</subfield>
  </datafield>
  <datafield tag="650" ind1=" " ind2="0">
   <subfield code="a">Computer simulation.</subfield>
  </datafield>
  <datafield tag="650" ind1=" " ind2="0">
   <subfield code="a">Artificial intelligence.</subfield>
  </datafield>
  <datafield tag="650" ind1=" " ind2="0">
   <subfield code="a">E-commerce.</subfield>
  </datafield>
  <datafield tag="650" ind1="1" ind2="4">
   <subfield code="a">Simulation and Modeling.</subfield>
   <subfield code="0">https://scigraph.springernature.com/ontologies/product-market-codes/I19000</subfield>
  </datafield>
  <datafield tag="650" ind1="2" ind2="4">
   <subfield code="a">Artificial Intelligence.</subfield>
   <subfield code="0">https://scigraph.springernature.com/ontologies/product-market-codes/I21000</subfield>
  </datafield>
  <datafield tag="650" ind1="2" ind2="4">
   <subfield code="a">e-Commerce/e-business.</subfield>
   <subfield code="0">https://scigraph.springernature.com/ontologies/product-market-codes/I26000</subfield>
  </datafield>
  <datafield tag="700" ind1="1" ind2=" ">
   <subfield code="a">Park, Jin Woo.</subfield>
   <subfield code="e">editor.</subfield>
   <subfield code="4">edt</subfield>
   <subfield code="4">http://id.loc.gov/vocabulary/relators/edt</subfield>
  </datafield>
  <datafield tag="700" ind1="1" ind2=" ">
   <subfield code="a">Kim, Tag-Gon.</subfield>
   <subfield code="e">editor.</subfield>
   <subfield code="4">edt</subfield>
   <subfield code="4">http://id.loc.gov/vocabulary/relators/edt</subfield>
  </datafield>
  <datafield tag="700" ind1="1" ind2=" ">
   <subfield code="a">Kim, Yun-Bae.</subfield>
   <subfield code="e">editor.</subfield>
   <subfield code="4">edt</subfield>
   <subfield code="4">http://id.loc.gov/vocabulary/relators/edt</subfield>
  </datafield>
  <datafield tag="710" ind1="2" ind2=" ">
   <subfield code="a">SpringerLink (Online service)</subfield>
  </datafield>
  <datafield tag="773" ind1="0" ind2=" ">
   <subfield code="t">Springer Nature eBook</subfield>
  </datafield>
  <datafield tag="776" ind1="0" ind2="8">
   <subfield code="i">Printed edition:</subfield>
   <subfield code="z">9783540847144</subfield>
  </datafield>
  <datafield tag="776" ind1="0" ind2="8">
   <subfield code="i">Printed edition:</subfield>
   <subfield code="z">9783540775997</subfield>
  </datafield>
  <datafield tag="830" ind1=" " ind2="0">
   <subfield code="a">Communications in Computer and Information Science,</subfield>
   <subfield code="x">1865-0929 ;</subfield>
   <subfield code="v">5</subfield>
  </datafield>
  <datafield tag="856" ind1="4" ind2="0">
   <subfield code="u">https://doi.org/10.1007/978-3-540-77600-0</subfield>
  </datafield>
  <datafield tag="912" ind1=" " ind2=" ">
   <subfield code="a">ZDB-2-SCS</subfield>
  </datafield>
  <datafield tag="912" ind1=" " ind2=" ">
   <subfield code="a">ZDB-2-SXCS</subfield>
  </datafield>
  <datafield tag="950" ind1=" " ind2=" ">
   <subfield code="a">Computer Science (SpringerNature-11645)</subfield>
  </datafield>
  <datafield tag="950" ind1=" " ind2=" ">
   <subfield code="a">Computer Science (R0) (SpringerNature-43710)</subfield>
  </datafield>
 </record>
</collection>
